Home Print Resources E-Books E-Journals IIMT Lecture Series Library Membership Form Book Recommendation Form Campus Tour Take AdmissionAbout Us Contact Us

ADVANCED INORGANIC CHEMISTRY (Record no. 35962)

000 -LEADER
fixed length control field 00397nam a22001577a 4500
003 - CONTROL NUMBER IDENTIFIER
control field OSt
005 - DATE AND TIME OF LATEST TRANSACTION
control field 20240111122434.0
008 - FIXED-LENGTH DATA ELEMENTS--GENERAL INFORMATION
fixed length control field 170725b xxu||||| |||| 00| 0 eng d
020 ## - INTERNATIONAL STANDARD BOOK NUMBER
International Standard Book Number 08187224037
040 ## - CATALOGING SOURCE
Transcribing agency SEROSOFT
100 ## - MAIN ENTRY--PERSONAL NAME
Personal name GURDEEP RAJ
245 ## - TITLE STATEMENT
Title ADVANCED INORGANIC CHEMISTRY
260 ## - PUBLICATION, DISTRIBUTION, ETC.
Place of publication, distribution, etc. DELHI
Name of publisher, distributor, etc. GOEL PUBLISHING HOUSE
Date of publication, distribution, etc. 2002
300 ## - PHYSICAL DESCRIPTION
Extent 1548
942 ## - ADDED ENTRY ELEMENTS (KOHA)
Source of classification or shelving scheme
Koha item type General Book
Item part 1
Holdings
Withdrawn status Lost status Source of classification or shelving scheme Damaged status Not for loan Home library Current library Date acquired Source of acquisition Coded location qualifier Full call number Barcode Date last seen Uniform Resource Identifier Price effective from Koha item type
          IIMT University Central Library Meerut IIMT University Central Library Meerut 07/25/2017 127 ENGG. COLLEGE APPLIED SC 546 RAJ 01-B-121794 07/25/2017 Chemistry 07/25/2017 Book Bank
          IIMT University Central Library Meerut IIMT University Central Library Meerut 07/25/2017 127 ENGG. COLLEGE APPLIED SC 546 RAJ 01-B-121795 07/25/2017 Chemistry 07/25/2017 Book Bank
IIMT, Central Library. All Rights Reserved IIMT,UNIVERSITY © 2023
Implemented and Customised by I CLOUDE EMS
You Are OPAC Visitor No
free web counter

Powered by Koha